Entrada Término temático
Número de registros utilizados en: 1
001 - NÚMERO DE CONTROL
003 - IDENTIFICADOR DEL NÚMERO DE CONTROL
- campo de control:
DR-UNIBE
005 - FECHA Y HORA DE LA ÚLTIMA TRANSACCIÓN
- campo de control:
20190219114621.0
008 - DATOS DE LONGITUD FIJA
- campo de control de longitud fija:
190219|| aca||aabn | a|a d
040 ## - FUENTE DE LA CATALOGACIÓN
- Centro catalogador/agencia de origen:
DR-UNIBE
- Centro/agencia transcriptor:
DR-UNIBE
150 ## - ENCABEZAMIENTO--TÉRMINO DE MATERIA
- Término de materia o nombre geográfico como elemento de entrada:
Lectura
- Subdivisión general:
Enseñanza correctiva
670 ## - FUENTE DE DATOS ENCONTRADOS
- Cita de la fuente:
Work cat.: (DR-UNIBE)48171: Frías Troncoso, María Laura 6333, Programa de alfabetización para un alumno de 9 años con necesidades educativas especiales en el idioma español, en una escuela privada, ubicada en la zona oriental, Santo Domingo Este, República Dominicana /, 2011